000 00265nam a2200097Ia 4500
001 1197553
005 20250827021829.0
008 250824s9999 xx 000 0 und d
245 0 _aYAKIN TARİHİMİZİN SIR PERDESİ
_cYAVUZ BAHADIROĞLU
260 _bPANAMA YAYINLARI
999 _c1197553
_d1197553